Wat zijn de 10 Finse steden met de meeste inwoners? - Statistieken

Algemene statistieken
  • Deze quiz is 19 keer genomen
  • De gemiddelde score is 5 van 10
Antwoordstatistieken
Inwoners Antwoord % Correct
564.521 Helsinki
100%
206.368 Tampere
86%
175.354 Turku
86%
130.178 Oulu
57%
235.019 Espoo
43%
76.185 Pori
36%
189.711 Vantaa
29%
84.739 Jyväskylä
21%
90.960 Kuopio
21%
98.766 Lathi
7%
Geen overeenkomende quizzen gevonden
Scoreverdeling
Procent van Mensen met Elke Score
Percentiel versus Aantal Correcte Antwoorden
Uw Scoregeschiedenis
U heeft deze quiz nog niet genomen